Capita Terrae - Statistics

General Stats
  • This quiz has been taken 71 times
  • The average score is 18 of 196
Answer Stats
Natio Capita % Correct
Italia Roma
69%
Britanniarum regnum Londinium
56%
Francia Lutetia
48%
Columbia Bogota
30%
Peruvia Lima
30%
Civitas Vaticana Civitas Vaticana
28%
Sanctus Marinus Sanctus Marinus
28%
Monoecus Monoecus
25%
Lettonia Riga
25%
Syria Damascus
23%
Luxemburgum Luxemburgum
23%
Cechia Praga
23%
Cuba Havana
21%
Bolivia Pax / Sucre
21%
Bangladesa Dacca
20%
Senegalia Dakar
20%
Angolia Luanda
20%
Kosovia Pristina
20%
Honduria Tegucigalpa
20%
Melita Valetta
20%
Ghana Accra
18%
Graecia Athenae
18%
Nicaragua Managua
18%
Surinamia Paramaribo
18%
Singapura Singapura
18%
Libya Tripolis
18%
Nova Zelandia Wellington
18%
Erythraea Asmara
16%
Helvetia Berna
16%
Guinea Conakry
16%
Quataria Doha
16%
Insulae Maldivae Malé
16%
Liberia Monrovia
16%
Samoa Apia
15%
Cuvaitum Cuvaitum
15%
Ruanda Kigali
15%
Mons Niger Podgorica
15%
Beninum Portus Novus / Cotonou
15%
United Arab Emirates Abu Dhabi
13%
Malia Bamako
13%
Guinea Bissaviensis Bissavia
13%
Tanzania Dodoma
13%
Botsuana Gaborone
13%
Vietnamia Hanoi
13%
Zimbabua Harare
13%
Indonesia Iacarta
13%
Sudania Australis Iuba
13%
Res publica democratica Congensis Kinshasa
13%
Guinea Aequinoctialis Malabo
13%
Baharina Manama
13%
Insulae Comorianae Moroni
13%
Caput Viridis Praia
13%
Viti Suva
13%
Tunesia Tunes
13%
Nigeria Abuja
11%
Algerium Algeria
11%
Bruneium Bandar Seri Begawan
11%
Israël Hierosolyma
11%
Uganda Kampala
11%
Zambia Lusaka
11%
Kenia Nairobia
11%
Nigritania Niamey
11%
Micronesia Palikir
11%
Iemenia Sana
11%
Polonia Varsovia
11%
Laotia Vientiane
11%
Turcia Ancyra
10%
Madagascaria Antananarivo
10%
Aegyptus Cairus
10%
Tuvalu Funafuti
10%
Insulae Salomonis Honiara
10%
Lesothum Maseru
10%
Suazia Mbabane
10%
Mexicum Mexicopolis
10%
Tzadia Ndjamena
10%
Tonga Nukualofa
10%
Cambosia Phnom Penh
10%
Trinitas et Tabacum Portus Hispaniae
10%
Haiti Portus Principis
10%
Butania Thimphu
10%
Insulae Seisellenses Victoria
10%
Austria Vindobona
10%
Namibia Windhoek
10%
Nauru Yaren
10%
Paraquaria Assumptio
8%
Africa Media Bangui
8%
Argentina Bonus Aër
8%
Sancta Lucia Castries
8%
Burundia Gitega
8%
Sudania Khartum
8%
Togum Lomé
8%
Philippinae Manila
8%
Palau Ngerulmud
8%
Kazachia Nur-Sultan
8%
Vanuatu Portus Vila
8%
Marocum Rabatum
8%
Dominica Roseau
8%
Estonia Tallinna
8%
Insulae Sancti Thomae et Principis Urbs {Sancti} {Thomae}
8%
Romania Bucaresta
7%
Venetiola Caracae
7%
Suecia Holmia
7%
Hispania Matritum
7%
Alba Ruthenia Minscum
7%
Mauritania Nouakchott
7%
Portugallia Olisipo
7%
Aequatoria Quitum
7%
Mons Leoninus Urbs Libera
7%
Panama Urbs Panamae
7%
Chilia Urbs {Sancti} {Iacobi}
7%
Costarica Urbs {Sancti} {Iosephi}
7%
Lituania Vilna
7%
Beliza Belmopanum
5%
Germania Berolinum
5%
Slovacia Bratislavia
5%
Timora Orientalis Dilium
5%
Malavia Lilongwe
5%
Somalia Mogadiscium
5%
Russia Moscua
5%
Birmania Naypyidaw
5%
Iaponia Tokium
5%
Antigua et Barbuda Urbs {Sancti} {Ioannis}
5%
Salvatoria Urbs {Sancti} {Salvatoris}
5%
Andorra Andorra Vetus
3%
Turkmenistan Ashgabat
3%
Gambia Baniulum
3%
Belgica Bruxellae
3%
Australia Camberra
3%
Tadzikistania Dusanbe
3%
Armenia Erevanum
3%
Gibutum Gibutum Urbs
3%
Dania Hafnia
3%
Mozambicum Maputum
3%
Omania Mascatum
3%
Insulae Bahamenses Nassovia
3%
Canada Ottavia
3%
Mauritia Portus Ludovici
3%
Arabia Saudita Riadum
3%
Macedonia Septentrionalis Scupi
3%
Bulgaria Serdica
3%
Corea Australis Seulum
3%
Srilanca Sri Jayawardenepura Kotte
3%
Taivania Taipeia
3%
Irania Teheranum
3%
Georgia Tiphlis
3%
Albania Tyrana
3%
Granata Urbs {Sancti} {Georgii}
3%
Civitates Foederatae Vasingtonia
3%
Cammarunia Yaunde
3%
Croatia Zagabria
3%
Nederlandia Amstelodamum
2%
Atropatene Bacua
2%
Thailandia Bancocum
2%
Serbia Belogradum
2%
Libanus Berytus
2%
Brasilia Brasiliapolis
2%
Nepalia Catmandum
2%
Moldavia Chisinovia
2%
India Dellium Novum
2%
Res publica Dominiciana Dominicopolis
2%
Finnia Helsingia
2%
Cyprus Leucosia
2%
Norvegia Osloa
2%
Sinae Pechinum
2%
Iordania Philadelphia
2%
Africa Australis Praetoria / Civitas Capitis / Bloemfonteinum
2%
Iamaica | Sanctus Vincentius et Granatinae Regiopolis
2%
Burcina Faso Uagadugum
2%
Mongolia Ulanbatoria
2%
Uruquaria Urbs {Montis} {Videi}
2%
Litus Eburneum Yamussukro
2%
Iraca Bagdatum
0%
Res publica Congensis Brazzapolis
0%
Hungaria Budapestinum
0%
Afgania Cabura
0%
Malaesia Cuala Lumpuria
0%
Hibernia Eblana
0%
Guiana Georgiopolis
0%
Sanctus Christophorus et Nives Ima Tellus
0%
Pacistania Islamabada
0%
Ucraina Kiovia
0%
Slovenia Labacum
0%
Gabon Liberopolis
0%
Insulae Marsalienses Madzurum
0%
Aethiopia Neanthopolis
0%
Chirgisia Pisphecum
0%
Barbata Pontipolis
0%
Papua Nova Guinea Portus Moresbiensis
0%
Corea Septentrionalis Pyeongyang
0%
Islandia Reykiavica
0%
Bosnia et Herzegovina Seraium
0%
Kiribati Tarava Meridionalis
0%
Uzbecia Taskentum
0%
Guatimalia Urbs Guatimalensis
0%
Lichtenstenum Vallis Dulcis
0%
No matching quizzes found
Score Distribution
Percent of People with Each Score
Percentile by Number Answered
Your Score History
You have not taken this quiz